000
00277nam a22001337a 4500
008
211019b ||||| |||| 00| 0 eng d
041
_a
eng
080
_a
316
082
_a
316
100
_a
50
101
_a
SOC
245
_a
Inquiries in Sociology
_c
SRSS
942
_2
udc
_c
BK
999
_c
58266
_d
58266